000 00495cam a2200181 4500
001 H7
008 090401t1977 xxu||||| |||| 00| 0 eng d
035 _a(Sirsi) u27118
041 _aeng
050 _a333.3320973
110 _aAmerican Institute of Real Estate Appraisers
_93093
245 _aReadings in real estate investment analysis Volume 1
260 _aCambridge, Mass
_bBallinger Publishing Company
_c1977
300 _a252p 28cm
350 _a0
942 _n0
948 _c04/03/1997
999 _c89052
_d89052